Identifikovanie cyklu financovania a cyklu rozvoja nápadu v startupe

Identifikácia cyklu financovania a cyklu vývoja nápadu v slovenských startupoch. Hľadanie ich prepojenia. Výskumná vzorka 76 slovenských startupov.

Salvato in:
Dettagli Bibliografici
Autore principale: Hagarová, Ráchel, 1990-
Natura: Capitolo di libro
Lingua:slovacco
Soggetti:
Tags: Aggiungi Tag
Nessun Tag, puoi essere il primo ad aggiungerne!!

MARC

LEADER 00000nla a2200000 4500
001 0237811
005 20240502073839.1
041 0 |a slo 
044 |a SK 
245 1 0 |a Identifikovanie cyklu financovania a cyklu rozvoja nápadu v startupe  |c Ráchel Hagarová 
520 |a Identifikácia cyklu financovania a cyklu vývoja nápadu v slovenských startupoch. Hľadanie ich prepojenia. Výskumná vzorka 76 slovenských startupov. 
610 2 0 |a start-up 
610 2 0 |a vývoj výrobku 
610 2 0 |a vývoj podniku 
610 2 0 |a štatistika podniková 
610 2 0 |a Slovensko 
610 2 0 |a výskum ekonomický 
610 2 0 |a financovanie podnikov 
100 1 |a Hagarová, Ráchel, 1990-